Absolute convergence of double trigonometric Fourier series and Walsh-Fourier Series

In the first part of our theses we give sufficient conditions for the absolute convergence of the double Fourier series of f in terms of moduli of continuity, of bounded variation in the sense of Vitali or Hardy and Krause, and of the mixed partial derivative in case f is an absolutely continuous fu...

Teljes leírás

Elmentve itt :
Bibliográfiai részletek
Szerző: Veres Antal
További közreműködők: Móricz Ferenc (Témavezető)
Dokumentumtípus: Disszertáció
Megjelent: 2011-11-11
Tárgyszavak:
doi:10.14232/phd.690

mtmt:1919939
Online Access:http://doktori.ek.szte.hu/690
LEADER 01709nta a2200241 i 4500
001 dokt690
005 20221013152930.0
008 110221s2011 hu om 0|| eng d
024 7 |a 10.14232/phd.690  |2 doi 
024 7 |a 1919939  |2 mtmt 
040 |a SZTE Doktori Repozitórium  |b hun 
041 |a eng 
100 1 |a Veres Antal 
245 1 0 |a Absolute convergence of double trigonometric Fourier series and Walsh-Fourier Series  |h [elektronikus dokumentum] /  |c  Veres Antal 
246 1 0 |a Kettős trigonometrikus Fourier-sorok és Walsh-Fourier-sorok abszolút konvergenciája  |h [elektronikus dokumentum] 
260 |c 2011-11-11 
502 |a Disszertacio 
520 3 |a In the first part of our theses we give sufficient conditions for the absolute convergence of the double Fourier series of f in terms of moduli of continuity, of bounded variation in the sense of Vitali or Hardy and Krause, and of the mixed partial derivative in case f is an absolutely continuous function. Our results extend the classical theorems of Bernstein and Zygmund from single to double Fourier series. In the second part we give sufficient conditions for the absolute convergence of the double Walsh-Fourier series of a function. These sufficient conditions are formulated in terms of (either global or local) dyadic moduli of continuity and s-bounded fluctuation. 
650 4 |a matematika- és számítástudományok 
700 1 |a Móricz Ferenc  |e ths 
856 4 0 |u https://doktori.bibl.u-szeged.hu/id/eprint/690/1/thesis.pdf  |z Dokumentum-elérés  
856 4 0 |u https://doktori.bibl.u-szeged.hu/id/eprint/690/3/phdtheseshun.pdf  |z Dokumentum-elérés  
856 4 0 |u https://doktori.bibl.u-szeged.hu/id/eprint/690/2/phdtheses.pdf  |z Dokumentum-elérés